000 00551cam a22002053a 4500
001 43873
003 PGUSA
005 20140828084011.0
008 131003s2013||||xxu|||||s|||||000 | eng d
040 _aPGUSA
_beng
042 _adc
100 1 _aDry, Wakeling
245 1 0 _aGiacomo Puccini
_h[electronic resource] /
_cWakeling Dry
260 _bProject Gutenberg,
_c2013
506 _aPublic domain in the USA.
516 _aElectronic text
830 0 _aProject Gutenberg
_v43873
856 4 0 _uhttp://www.gutenberg.org/ebooks/43873
942 _cEB
999 _c273124
_d273124